Nahj al-balāghah : (Record no. 49304)

MARC details
000 -LEADER
fixed length control field 01520cam a22003011a 4500
001 - CONTROL NUMBER
control field ne 67000071
003 - CONTROL NUMBER IDENTIFIER
control field DLC
005 - DATE AND TIME OF LATEST TRANSACTION
control field 20260227111828.0
008 - FIXED-LENGTH DATA ELEMENTS--GENERAL INFORMATION
fixed length control field 881028s1963 ua b 001 0 ara
010 ## - LIBRARY OF CONGRESS CONTROL NUMBER
LC control number ne 67000071
035 ## - SYSTEM CONTROL NUMBER
System control number (OCoLC)23486185
040 ## - CATALOGING SOURCE
Original cataloging agency DLC
Transcribing agency MiU
Modifying agency DLC
050 00 - LIBRARY OF CONGRESS CALL NUMBER
Classification number BP193.1.A2
Item number S49 1963
066 ## - CHARACTER SETS PRESENT
Alternate G0 or G1 character set (3
100 1# - MAIN ENTRY--PERSONAL NAME
Linkage 880-01
Personal name Sharīf al-Raḍī, Muḥammad ibn al-Ḥusayn,
Dates associated with a name 969 or 970-1016.
245 10 - TITLE STATEMENT
Linkage 880-02
Title Nahj al-balāghah :
Remainder of title wa-huwa mā jamaʻahu al-Sharīf al-Raḍī min kalām Amīr al-Muʼminīn al-Imām ʻAlī ibn Abī Ṭālib,
Statement of responsibility, etc. taḥqīq wa-sharḥ Muḥammad Abū al-Faḍl Ibrāhīm.
250 ## - EDITION STATEMENT
Linkage 880-03
Edition statement al-Ṭabʻah 1.
260 ## - PUBLICATION, DISTRIBUTION, ETC.
Linkage 880-04
Place of publication, distribution, etc. [Cairo] :
Name of publisher, distributor, etc. Dār Iḥyāʼ al-Kutub al-ʻArabīyah,
Date of publication, distribution, etc. 1963.
300 ## - PHYSICAL DESCRIPTION
Extent 2 v. ;
Dimensions 24 cm.
504 ## - BIBLIOGRAPHY, ETC. NOTE
Bibliography, etc. note Includes bibliographical references and indexes.
600 00 - SUBJECT ADDED ENTRY--PERSONAL NAME
Personal name ʻAlī ibn Abī Ṭālib,
Titles and other words associated with a name Caliph,
Dates associated with a name approximately 600-661
General subdivision Hadith.
700 0# - ADDED ENTRY--PERSONAL NAME
Personal name ʻAlī ibn Abī Ṭālib,
Titles and other words associated with a name Caliph,
Dates associated with a name approximately 600-661.
700 1# - ADDED ENTRY--PERSONAL NAME
Personal name Ibrāhīm, Muḥammad Abū al-Faḍl.
880 1# - ALTERNATE GRAPHIC REPRESENTATION
Linkage 100-01/(3/r
a شريف الراضي، محمد بن الحسين.
880 10 - ALTERNATE GRAPHIC REPRESENTATION
Linkage 245-02/(3/r
a نهج البلاغة :
b وهو ما جمعه الشريف الرضي من كلام امير المؤمنين الامام علي بن ابي طالب /
c تحقيق وشرح محمد ابو فضل ابراهيم.
880 ## - ALTERNATE GRAPHIC REPRESENTATION
Linkage 250-03/(3/r
a الطبعة 1.
880 ## - ALTERNATE GRAPHIC REPRESENTATION
Linkage 260-04/(3/r
a [Cairo] :
b دار احياء الكتب العربية،
c 1963.

No items available.

Powered by Koha